Aquí estamos (Registro nro. 437154)

Detalles MARC
000 -LÍDER
Campo fijo de descripción fija 00887nam a22002657a 4500
003 - IDENTIFICADOR DEL NÚMERO DE CONTROL
Campo de control BCEG
005 - FECHA Y HORA DE LA ULTIMA TRANSACCIÓN
control field 20260327160558.0
008 - ELEMENTOS DE LONGITUD FIJA -- INFORMACIÓN GENERAL
Campo fijo de descripción fija -- Información general 260327s2019 mx |||||||||||00||||spa d
020 ## - ISBN
Isbn 9788446047483
040 ## - FUENTE DE CATALOGACIÓN
Agencia de catalogación original BCEG
Idioma de catalogación spa
Agencia que realiza la transcripción BCEG
082 04 - NÚMERO DE CLASIFICACIÓN DECIMAL DEWEY
Número de clasificación 305.42
Clave de autor-Numero de item A656e
245 00 - TÍTULO PROPIAMENTE DICHO
Título Aquí estamos
Otra información sobre el título - Subtitulo : puzzle de un momento feminista.
260 ## - PUBLICACIÓN, DISTRIBUCIÓN, ETC. (PIE DE IMPRENTA)
Lugar de publicación, distribución, etc. Madrid :
Nombre del editor, distribuidor, etc. Akal,
Fecha de publicación, distribución, etc. 2019.
300 ## - DESCRIPCIÓN FÍSICA
Extensión 205 p.
490 ## - MENCIÓN DE SERIE
Mención de serie Pensamiento Crítico ;
Designación numérica/secuencial del volumen 77.
500 ## - NOTA GENERAL
Nota General En coedición con el Instituto 25 de mayo para la Democracia (I25M). Fundación dedicada al análisis, la formación y la creación política y cultural.
504 ## - NOTA DE BIBLIOGRAFÍA, ETC.
Nota de bibliografía, etc Incluye bibliografía.
541 ## - NOTA DE FUENTE INMEDIATA DE ADQUISICIÓN
Nota de fuente de adquisición Compra.
650 14 - ASIENTO SECUNDARIO DE MATERIA - TERMINO TEMÁTICO
Término temático o nombre geográfico como elemento de entrada Feminismo.
700 1# - ASIENTO SECUNDARIO - NOMBRE PERSONAL
Nombre personal Alvar, Carmen,
Fechas asociadas con el nombre 1989-.,
Función o responsabilidad del autor il.
700 1# - ASIENTO SECUNDARIO - NOMBRE PERSONAL
Nombre personal Cadenas Cañón, Isabel,
Fechas asociadas con el nombre 1982-.,
Función o responsabilidad del autor coaut.
700 1# - ASIENTO SECUNDARIO - NOMBRE PERSONAL
Nombre personal Moro-Coco, Mayra,
Función o responsabilidad del autor coaut.
700 1# - ASIENTO SECUNDARIO - NOMBRE PERSONAL
Nombre personal Castañón, Sofía,
Función o responsabilidad del autor coaut.
942 ## - TIPO DE MATERIAL (KOHA)
Tipo de Item KOHA Libro
Existencias
No para Préstamo Colección Biblioteca de Origen Biblioteca Permanente Fecha de Adquisición Fuente de Adquisicion Total de Préstamos Signatura Topográfica Código de Barras Última vez visto Tipo de Material Ejemplar
Material en Reserva General Biblioteca Central Estatal de Guanajuato, "Wigberto Jiménez Moreno" Biblioteca Central Estatal de Guanajuato, "Wigberto Jiménez Moreno" 27/03/2026 COMPRA-2025   305.42 A656e BCEG8655231096 27/03/2026 Libro  
  General Biblioteca Central Estatal de Guanajuato, "Wigberto Jiménez Moreno" Biblioteca Central Estatal de Guanajuato, "Wigberto Jiménez Moreno" 27/03/2026 COMPRA-2025   305.42 A656e BCEG8655231097 27/03/2026 Libro ej. 2